|
|
|
|
| LEADER |
00000cam a2200000 a 4500 |
| 001 |
vtls009526842 |
| 003 |
SK-MaSNL |
| 005 |
20260302080600.0 |
| 008 |
240318s2009 xo odl f 000 0 slo |
| 015 |
|
|
|a SNBA2009/07-03620
|
| 020 |
|
|
|a 9788080753658
|q (brož.)
|
| 035 |
|
|
|a 3B192BFD-29F4-40C2-870D-7185EE4194B7
|
| 035 |
|
|
|a urn:nbn:sk:snk-amk8p4
|
| 035 |
|
|
|a urn:nbn:sk:snk-am0088qq
|
| 040 |
|
|
|a SNK
|b slo
|c SNK
|e AACR2
|
| 041 |
0 |
|
|a slo
|
| 044 |
|
|
|a xo
|c SK
|
| 072 |
|
7 |
|a 620.1/.2
|x Náuka o materiáli
|2 konspekt
|
| 080 |
|
|
|a 620.2-034
|2 2001
|
| 080 |
|
|
|a 621.96
|2 2001
|
| 080 |
|
|
|a 621.375.826
|2 2001
|
| 080 |
|
|
|a 001.126-029:6
|2 2001
|
| 080 |
|
|
|a (048.8)
|2 2001
|
| 100 |
1 |
|
|a Híreš, Ondrej,
|d 1948-
|4 aut
|9 485100
|
| 245 |
1 |
0 |
|a Delenie kovových materiálov laserovým lúčom
|c Ondrej Híreš, Michal Hatala
|
| 250 |
|
|
|a [1. vyd.]
|
| 260 |
|
|
|a Trenčín
|b Trenčianska univerzita Alexandra Dubčeka
|c 2009
|
| 300 |
|
|
|a 112 s.
|b fotogr., grafy, sch., tab.
|c 21 cm
|
| 504 |
|
|
|a Bibliogr. s. 111-112
|
| 650 |
0 |
7 |
|a kovové materiály
|2 SNKPH
|9 1053
|
| 650 |
0 |
7 |
|a delenie materiálov
|2 SNKPH
|9 75650
|
| 650 |
0 |
7 |
|a lasery
|2 SNKPH
|9 13696
|
| 650 |
0 |
7 |
|a technológia
|2 SNKPH
|9 66619
|
| 650 |
0 |
7 |
|a Metal materials
|2 SNKPHeng
|9 274716
|
| 650 |
0 |
7 |
|a Material cutting
|2 SNKPHeng
|9 345940
|
| 650 |
0 |
7 |
|a Lasers
|2 SNKPHeng
|9 314744
|
| 650 |
0 |
7 |
|a Technology
|2 SNKPHeng
|9 266383
|
| 655 |
|
7 |
|a monografie
|2 SNKPH
|9 70139
|
| 655 |
|
7 |
|a Monographs
|2 SNKPH
|9 120675
|
| 700 |
1 |
|
|a Hatala, Michal,
|d 1979-
|4 aut
|9 203033
|
| 919 |
|
|
|a 978-80-8075-365-8
|
| 958 |
|
|
|a OND
|
| 958 |
|
|
|a NB
|
| 968 |
|
|
|d 62
|
| 999 |
|
|
|c 1173680
|d 1175610
|
| 952 |
|
|
|a SNK
|b SNK
|y PREZ
|7 0
|p 17A0624111
|o snkSC 136173
|i snk2009/11118
|8 0
|0 0
|1 0
|4 0
|d 2009-06-17
|l 0
|r 2025-07-02 00:00:00
|w 2026-02-24
|
| 952 |
|
|
|a SNK
|b SNK
|y VYP
|7 0
|p 17A0624112
|o snkSC 136173 D1
|i snk2009/11120
|8 0
|0 0
|1 0
|4 0
|d 2009-06-17
|f 1
|l 0
|r 2026-02-24 21:13:10
|w 2026-02-24
|